[Event "RN-2014-0-00903"]
[Site "LSS email"]
[Date "2015.01.02"]
[Round "?"]
[White "Cherry, Brian"]
[Black "Sahin, Yavuzhan"]
[Result "0-1"]
[WhiteElo "651"]
[BlackElo "866"]
[PlyCount "38"]
[EventDate "2014.12.27"]
[EventType "tourn (corr)"]
[EventRounds "6"]
[EventCountry "GER"]
[SourceTitle "Corr 2015"]
[Source "ChessBase"]
[SourceDate "2015.07.17"]
[SourceVersion "1"]
[SourceVersionDate "2015.07.17"]
[SourceQuality "1"]

1. e4 Nf6 2. Nc3 d5 3. exd5 Nxd5 4. Nxd5 Qxd5 5. d4 Nc6 6. c3 e5 7. Be3 exd4 8. cxd4 Bb4+ 9. Ke2 0-0 10. f3 Re8 11. g4 Nxd4+ 12. Kf2 Rxe3 13. Kxe3 Nf5+ 14. gxf5 Bc5+ 15. Ke2 Qe5+ 16. Kd2 Qxb2+ 17. Qc2 Bb4+ 18. Kd1 Qxa1+ 19. Ke2 Qe1+ 0-1

[Event "RN-2014-0-00903"]
[Site "LSS email"]
[Date "2015.01.02"]
[Round "?"]
[White "Lenz, Juergen"]
[Black "Sahin, Yavuzhan"]
[Result "0-1"]
[WhiteElo "905"]
[BlackElo "866"]
[PlyCount "78"]
[EventDate "2014.12.27"]
[EventType "tourn (corr)"]
[EventRounds "6"]
[EventCountry "GER"]
[SourceTitle "Corr 2015"]
[Source "ChessBase"]
[SourceDate "2015.07.17"]
[SourceVersion "1"]
[SourceVersionDate "2015.07.17"]
[SourceQuality "1"]

1. d4 Nf6 2. Nf3 g6 3. Bf4 Bg7 4. e3 0-0 5. Be2 d6 6. h3 c5 7. c3 b6 8. a4 Ba6 9. Bb5 Qc7 10. 0-0 Bb7 11. Nbd2 a6 12. Be2 Nbd7 13. Bh2 e5 14. dxe5 dxe5 15. Nc4 Ne4 16. Qc2 b5 17. axb5 axb5 18. Na3 c4 19. Nxb5 Qc6 20. Na3 Nd6 21. Rad1 Nb6 22. Rfe1 Ra5 23. Bf1 Rfa8 24. Bxe5 Bxe5 25. Nxe5 Rxe5 26. Rd4 Nf5 27. Rd2 Nh4 28. f4 Re6 29. Rd4 Nf5 30. Rxc4 Nxc4 31. Nxc4 Rae8 32. Ne5 Qb6 33. Qf2 f6 34. Bc4 fxe5 35. g4 Qc6 36. Bxe6+ Rxe6 37. Kh2 exf4 38. gxf5 Rxe3 39. Rxe3 Qh1# 0-1

[Event "RN-2014-0-00903"]
[Site "LSS email"]
[Date "2015.01.02"]
[Round "?"]
[White "Sahin, Yavuzhan"]
[Black "Raines, David T"]
[Result "1-0"]
[WhiteElo "866"]
[BlackElo "978"]
[PlyCount "43"]
[EventDate "2014.12.27"]
[EventType "tourn (corr)"]
[EventRounds "6"]
[EventCountry "GER"]
[SourceTitle "Corr 2015"]
[Source "ChessBase"]
[SourceDate "2015.07.17"]
[SourceVersion "1"]
[SourceVersionDate "2015.07.17"]
[SourceQuality "1"]

1. Nc3 e5 2. Nf3 Nc6 3. d4 exd4 4. Nxd4 Nxd4 5. Qxd4 Nf6 6. Bg5 Be7 7. e4 d6 8. 0-0-0 Be6 9. f4 a6 10. f5 Bd7 11. e5 dxe5 12. Qxe5 0-0 13. Ne4 Re8 14. Bxf6 gxf6 15. Qg3+ Kh8 16. Qh4 Qc8 17. g4 Bc6 18. Nxf6 Bxf6 19. Qxf6+ Kg8 20. Bc4 Rf8 21. Rhe1 Bf3 22. Re7 1-0

[Event "RN-2014-0-00903"]
[Site "LSS email"]
[Date "2015.01.02"]
[Round "?"]
[White "Sahin, Yavuzhan"]
[Black "Venturas, Bob"]
[Result "1-0"]
[WhiteElo "866"]
[BlackElo "745"]
[PlyCount "55"]
[EventDate "2014.12.27"]
[EventType "tourn (corr)"]
[EventRounds "6"]
[EventCountry "GER"]
[SourceTitle "Corr 2015"]
[Source "ChessBase"]
[SourceDate "2015.07.17"]
[SourceVersion "1"]
[SourceVersionDate "2015.07.17"]
[SourceQuality "1"]

1. f4 d5 2. Nf3 Nc6 3. g3 Bg4 4. Bg2 Nf6 5. 0-0 e6 6. d3 h6 7. Qe1 Bc5+ 8. Kh1 0-0 9. e4 dxe4 10. dxe4 Nd7 11. Be3 Be7 12. Nc3 f5 13. Rd1 Qe8 14. h3 Qh5 15. Rxd7 Bd8 16. Nh4 Bxh4 17. gxh4 Qe8 18. Rxc7 Bh5 19. Rxb7 Rb8 20. Rxb8 Qxb8 21. exf5 Ne7 22. fxe6 Qxb2 23. Bc5 Re8 24. Qe5 Bg6 25. Rb1 Qxc2 26. Bd4 Nf5 27. Rb7 a5 28. Rxg7+ 1-0